00757nam a22001817a 4500008004100000020001900041050002200060100002000082245006000102260005100162300010800213650003600321650003400357700005200391942001200443999001700455952010300472170511b xxu||||| |||| 00| 0 eng d a 9780952676751 aBX 9225b.S6 2014 aIlukor, Geresom aGeresom Ilukor Soroti: Who and Deeds, the Autobiography aLance:bSue White Secretarial Services,c2014. a 76 pagesbillustrations (black and white, and colour), portraits (black and white, and colour)c 21 cm a Ilukor, Geresom, y 1935-2013. aBishops zUganda xBiography. aSwarbrick, Elizabeth e(editor and translator) 2lcccBK c14021d14021 2lcc5171916851aJHIAbJHIAcGENd2017-05-11l0oBX 9225 .S6 2014p18192r2017-05-11 00:00:00yBK